LEADER 00905nam0-22002651i-450- 001 990007120360403321 005 20020925 035 $a000712036 035 $aFED01000712036 035 $a(Aleph)000712036FED01 035 $a000712036 100 $a20020925f18--1900km-y0itay50------ba 101 0 $aita 105 $ay-------001yy 200 1 $aIstruzione in compendio per ben compilare e risolvere i processi criminali a noprma delle legi e consuetudini del Granducato di Toscana 210 $a[S.l.$cs.n.]$d[18-?] 215 $a83 p.$d20 cm 710 01$aToscana$c$0262230 801 0$aIT$bUNINA$gRICA$2UNIMARC 901 $aBK 912 $a990007120360403321 952 $aV P[b] 292$b102439$fFGBC 959 $aFGBC 996 $aIstruzione in compendio per ben compilare e risolvere i processi criminali a noprma delle legi e consuetudini del Granducato di Toscana$9703003 997 $aUNINA LEADER 00836nam0-2200277---450 001 990005594350403321 005 20220324102145.0 035 $a000559435 100 $a19990604d1962----km-y0itay50------ba 101 1 $aita$cfre 105 $ayf y 001yy 200 1 $aPorcellane francesi$fHubert Landais 210 $aMilano$cMursia$dc1962 215 $a128 p.$cill.$d23 cm 225 1 $aPiaceri e tesori$eBiblioteca dell'amatore collezionista 300 $aEd. italiana a cura di Guido Zerbino 676 $a738.20944$v22$zita 700 1$aLandais,$bHubert$0215771 801 0$aIT$bUNINA$gRICA$2UNIMARC 901 $aBK 912 $a990005594350403321 952 $a738.2 LANDH 1$bST.ARTE 6213$fFLFBC 952 $a738.2 LANDH 1 BIS$bST.ARTE 5826$fFLFBC 959 $aFLFBC 996 $aPorcellane francesi$9608872 997 $aUNINA LEADER 01199nam a2200229 i 4500 001 991001387909707536 005 20020502191654.0 008 011017s1544 sz ||| | lat 035 $ab11505552-39ule_inst 035 $aPRUMB60052$9ExL 040 $aDip. SSSC$bita 100 1 $aCurione, Celio Secondo$0480714 245 10$aPasquillorum tomi duo, quorum primo uersibus ac rhythmis, altero soluta oratione conscripta quamplurima continentur, ad exhilarandum, confirmanduq; hoc perturbatissimo rerum statu pij lectoris animum, apprime conducentia 260 $a[i.e. Basileae, s.n.] :$bElevtheropoli,$c1544 300 $a8 f. p., 537 p. 15 cm. 500 $aTesto in formato CD-ROM 907 $a.b11505552$b21-09-06$c01-07-02 912 $a991001387909707536 945 $aLE021 LETTDRAM13BISA35$g1$i2021000047978$lle021$o-$pE0.00$q-$rn$so $t0$u0$v0$w0$x0$y.i11699401$z01-07-02 996 $aPasquillorum tomi duo, quorum primo uersibus ac rhythmis, altero soluta oratione conscripta quamplurima continentur, ad exhilarandum, confirmanduq; hoc perturbatissimo rerum statu pij lectoris animum, apprime conducentia$9813692 997 $aUNISALENTO 998 $ale021$b01-01-01$cm$da $e-$flat$gsz $h0$i1